000 00927njm a22002657a 4500
005 20100914152621.0
007 sd ammalaaahaa
008 100913t xxu||||| |||| 00| 0 hin d
028 _aEALP 5909
_bEMI
035 _aGR-07839
040 _aSED/VEN
100 _aShalendra Singh
_91184
245 _aGhar ek mandir /
_cby Shailendra Singh
_h[sound recording] :
246 _aघर एक मंदिर /
260 _aDum Dum India
_bEMI
_c1983
300 _a1 sound disc [Gramophone record] :
_banalog, 33 1/3 rpm
_c12.5 in. (LP)
_fGramophone Record
500 _aBrief Record
500 _aRecord label :EMI,Red
505 _aSide-1 Oui main mar gai Side 2 Bolo jai seeta ram
600 _aShailendra Singh
_919992
650 _aHindi Film songs
_xExcerpts
_zIndia
_919603
700 _919605
942 _2ddc
_cGR
999 _c47436
_d47436